Qué es la libertad?
Αποθηκεύτηκε σε:
| Κύριος συγγραφέας: | |
|---|---|
| Μορφή: | Βιβλίο |
| Γλώσσα: | Ισπανικά |
| Έκδοση: |
Madrid
Prensa Española
1976
|
| Σειρά: | Biblioteca Cultural, 47
|
| Θέματα: | |
| Ετικέτες: |
Προσθήκη ετικέτας
Δεν υπάρχουν, Καταχωρήστε ετικέτα πρώτοι!
|
MARC
| LEADER | 00000nam a2200000 a 4500 | ||
|---|---|---|---|
| 001 | UCG1766 | ||
| 003 | CL-VaPUC | ||
| 008 | 100520e19760000SP |||||||||||||||||spa|d | ||
| 020 | |a 8428703760 | ||
| 082 | 0 | 4 | |a 320.011 |b ALV |2 21 |
| 100 | 0 | |a Alvira, Rafael |e author |9 549766 | |
| 245 | 1 | 0 | |a Qué es la libertad? |
| 300 | |a 153 P | ||
| 942 | |c BK | ||
| 945 | |d 20100520 00:00:00 |a rbrito | ||
| 260 | |a Madrid |b Prensa Española |c 1976 | ||
| 650 | 0 | |a Libertad |9 255686 | |
| 650 | 0 | |a Libertad individual |9 352859 | |
| 650 | 7 | |a LIBERTAD POLITICA |2 CL-VaPUC |9 344275 | |
| 650 | 0 | |a Libre albedrío |9 334583 | |
| 583 | |a last modification |c 20100520 00:00:00 |k Rodrigo Vera | ||
| 490 | 0 | |a Biblioteca Cultural, 47 | |
| 999 | |c 341029 |d 341027 | ||
| 952 | |0 0 |1 0 |4 0 |6 320_011000000000000_ALV_1976 |7 0 |8 P |9 436246 |a BIBEDU |b BIBEDU |c BIBEDU_PB |d 2019-11-22 |i 4677455 |o 320.011 ALV 1976 |p 4677455 |r 2024-01-25 |w 2019-11-22 |y BK |k EPE | ||